Statistics for Days Of The Week In Swedish #9

Click here to take the quiz!

General Stats

  • This quiz has been taken 40 times
  • The average score is 6 of 7

Answer Stats

EnglishSwedish% Correct
FridayFredag
90%
MondayMåndag
90%
WednesdayOnsdag
90%
SundaySöndag
90%
ThursdayTorsdag
90%
TuesdayTisdag
80%
SaturdayLördag
70%

Score Distribution

Percentile by Number Answered

Percent of People with Each Score

Your Score History

You have not taken this quiz